|
|
|
|
| LEADER |
00000cam a22000004a 4500 |
| 001 |
musev2_31489 |
| 003 |
MdBmJHUP |
| 005 |
20230905043327.0 |
| 006 |
m o d |
| 007 |
cr||||||||nn|n |
| 008 |
100325s1934 mnu o 00 0 eng d |
| 020 |
|
|
|a 9781452937717
|
| 020 |
|
|
|z 1452937710
|
| 020 |
|
|
|z 9780816671397
|
| 035 |
|
|
|a (OCoLC)573415439
|
| 040 |
|
|
|a MdBmJHUP
|c MdBmJHUP
|
| 100 |
1 |
|
|a Dowell, Austin Allyn,
|d 1891-1977.
|
| 245 |
1 |
4 |
|a The American Farmer and the Export Market /
|c [by] Austin A. Dowell and Oscar B. Jesness.
|
| 264 |
|
1 |
|a Minneapolis,
|b University of Minnesota Press
|c [1934]
|
| 264 |
|
3 |
|a Baltimore, Md. :
|b Project MUSE,
|c 2015
|
| 264 |
|
4 |
|c ©[1934]
|
| 300 |
|
|
|a 1 online resource (274 pages):
|b illustrations (including maps)
|
| 336 |
|
|
|a text
|b txt
|2 rdacontent
|
| 337 |
|
|
|a computer
|b c
|2 rdamedia
|
| 338 |
|
|
|a online resource
|b cr
|2 rdacarrier
|
| 502 |
|
|
|b Ph. D.
|c University of Minnesota
|d 1932
|
| 546 |
|
|
|a English.
|
| 588 |
|
|
|a Description based on print version record.
|
| 650 |
|
7 |
|a Produce trade.
|2 fast
|0 (OCoLC)fst01078136
|
| 650 |
|
7 |
|a Commercial policy.
|2 fast
|0 (OCoLC)fst00869569
|
| 650 |
|
7 |
|a Agriculture
|x Economic aspects.
|2 fast
|0 (OCoLC)fst00801415
|
| 650 |
|
7 |
|a BUSINESS & ECONOMICS
|x Industries
|x Agribusiness.
|2 bisacsh
|
| 650 |
|
6 |
|a Produits agricoles
|x Commerce
|z États-Unis.
|
| 650 |
|
6 |
|a Agriculture
|x Aspect economique
|z États-Unis.
|
| 650 |
|
0 |
|a Produce trade
|z United States.
|
| 650 |
|
0 |
|a Agriculture
|x Economic aspects
|z United States.
|
| 651 |
|
7 |
|a United States.
|2 fast
|0 (OCoLC)fst01204155
|
| 651 |
|
0 |
|a United States
|x Commercial policy.
|
| 655 |
|
7 |
|a Theses et ecrits academiques.
|2 rvmgf
|
| 655 |
|
7 |
|a Academic theses.
|2 lcgft
|
| 655 |
|
7 |
|a Academic theses.
|2 fast
|0 (OCoLC)fst01726453
|
| 655 |
|
2 |
|a Academic Dissertation
|
| 655 |
|
7 |
|a Electronic books.
|2 local
|
| 700 |
1 |
|
|a Jesness, Oscar Bernard,
|d 1889-
|e author.
|
| 710 |
2 |
|
|a Project Muse.
|e distributor
|
| 830 |
|
0 |
|a Book collections on Project MUSE.
|
| 856 |
4 |
0 |
|z Texto completo
|u https://projectmuse.uam.elogim.com/book/31489/
|
| 945 |
|
|
|a Project MUSE - Custom Collection
|
| 945 |
|
|
|a Project MUSE - Archive Complete Supplement III
|
| 945 |
|
|
|a Project MUSE - Archive History Supplement III
|